00457nam a22001577a 4500003000500000038001200005082001900017100002800036245003200064260003800096300000900134563000700143942001200150999001900162952011800181NUST aKhadija a358.40095bSIN aSingh Pushpindar990994 aFIZA'YA /cPushpindar Singh akarachibkifayat publishersc1991 ap207 aHB 2ddccBK c589189d589189 00102ddc4070aSMMEbSMMEcGENd2022-04-18l1o358.40095 SINpSMME-3707r2025-12-09s2025-12-09w2022-04-18yBK